[Event "26th EUR-ch"]
[Site "Katowice POL"]
[Date "2026.04.16"]
[Round "9.39"]
[White "Stefansson, Vignir Vatnar"]
[Black "Injac, Teodora"]
[Result "1-0"]
[WhiteElo "2512"]
[BlackElo "2410"]
[EventDate "2026.04.07"]
[PlyCount "106"]

1.d4 Nf6 2.Nf3 d5 3.c4 e6 4.Nc3 Be7 5.cxd5 exd5 6.Bf4 c6 7.e3 Nh5 8.Bd3 
Nxf4 9.exf4 Bg4 10.h3 Bxf3 11.Qxf3 Qd6 12.Qg4 Nd7 13.Qxg7 O-O-O 14.Qg4 h5 
15.Qf3 Bf6 16.O-O Bxd4 17.Rfc1 Kb8 18.Rab1 Nf6 19.b4 Ng4 20.hxg4 hxg4 21.
Qxg4 Qh6 22.Kf1 Bxc3 23.Ke2 Rde8+ 24.Kf3 Bd4 25.Rh1 Qd6 26.Rxh8 Bxh8 27.
Qf5 Bd4 28.a3 a6 29.g3 Qe7 30.a4 Bxf2 31.Kxf2 Qe3+ 32.Kg2 Qd2+ 33.Kh3 Rh8+
34.Kg4 Rg8+ 35.Kf3 Re8 36.Kg4 Rg8+ 37.Kh3 Qf2 38.Qe5+ Ka8 39.f5 f6 40.Qf4 
Rh8+ 41.Kg4 Qg2 42.Qe3 Rg8+ 43.Kf4 d4 44.Rg1 Qh3 45.Qe2 Qh6+ 46.Kf3 Qh5+ 
47.Kg2 Qg5 48.Qf2 Qg4 49.Rh1 Re8 50.Rh4 Qd1 51.Rxd4 Rh8 52.Bf1 Qxa4 53.b5 
Qa5 1-0

[Event "26th EUR-ch"]
[Site "Katowice POL"]
[Date "2026.04.16"]
[Round "9.40"]
[White "Zlatkov, Anton"]
[Black "Boruchovsky, Avital"]
[Result "1/2-1/2"]
[WhiteElo "2299"]
[BlackElo "2510"]
[EventDate "2026.04.07"]
[PlyCount "103"]

1.e4 e5 2.Nf3 Nc6 3.Bc4 Nf6 4.d3 Be7 5.O-O O-O 6.Re1 d6 7.a4 Be6 8.a5 a6 
9.Nc3 Nb4 10.Bd2 c5 11.Bxe6 fxe6 12.Ne2 Nc6 13.Ng3 Nd7 14.c3 Qe8 15.Qb3 
Nd8 16.d4 cxd4 17.cxd4 exd4 18.Nxd4 Bf6 19.Be3 Nc5 20.Qc4 Bxd4 21.Bxd4 Qb5
22.Qc3 Rf7 23.Bxc5 Rc8 24.Qd2 dxc5 25.e5 Qd7 26.Qg5 Qe7 27.Qxe7 Rxe7 28.
Ne4 Nc6 29.Nxc5 Nb4 30.Ne4 Nd3 31.Re2 Nxe5 32.Ng5 Rc5 33.f4 Nc6 34.Nxe6 
Rxa5 35.Rae1 h6 36.g4 g6 37.h4 Rd5 38.Kg2 Kf7 39.f5 gxf5 40.g5 hxg5 41.
Nxg5+ Kf8 42.h5 f4 43.Ne6+ Kg8 44.Nxf4 Rg7+ 45.Kh3 Rf5 46.Re4 Kh7 47.Kh4 
Rgg5 48.R1e3 Ne5 49.Rg3 Kh6 50.Rxg5 Rxg5 51.Kh3 Rg4 52.b4 1/2-1/2

[Event "26th EUR-ch"]
[Site "Katowice POL"]
[Date "2026.04.16"]
[Round "9.41"]
[White "Palczert, Matyas"]
[Black "Indjic, Aleksandar"]
[Result "0-1"]
[WhiteElo "2457"]
[BlackElo "2616"]
[EventDate "2026.04.07"]
[PlyCount "116"]

1.e4 d6 2.d4 Nf6 3.Nc3 g6 4.Nf3 Bg7 5.Be2 O-O 6.O-O a6 7.a4 Nc6 8.h3 e6 9.
Be3 b6 10.Qd2 Bb7 11.Bh6 Ne7 12.Bxg7 Kxg7 13.Bd3 c5 14.Rfe1 cxd4 15.Nxd4 
Qc7 16.Bf1 h6 17.Rad1 Rfd8 18.Qe3 e5 19.Nb3 Nc6 20.f4 Nb4 21.Rd2 Nh5 22.f5
gxf5 23.exf5 Nf6 24.Qg3+ Kh7 25.Qh4 Nbd5 26.Nxd5 Nxd5 27.Rf2 Rg8 28.f6 Rg6
29.Bd3 Rg8 30.c4 Nf4 31.Rxf4 exf4 32.Qxf4 Qc6 33.Be4 Qc7 34.Bd3 Kh8 35.
Bxg6 Rxg6 36.Re2 Qc6 37.Kf1 Qxa4 38.Qxd6 Qxc4 39.Kg1 Qd5 40.Qxd5 Bxd5 41.
Nd4 Rxf6 42.g4 Rf4 43.Rd2 Rf6 44.Nf5 Be4 45.Rd6 Rxd6 46.Nxd6 Bg6 47.Nc8 b5
48.b4 Kg7 49.Kf2 Kf6 50.Nd6 Ke5 51.Nb7 Kd4 52.Nc5 a5 53.Nb3+ Kc3 54.bxa5 
Kxb3 55.Ke3 f6 56.Kd4 Be8 57.Kc5 Kc3 58.h4 Bd7 0-1

[Event "26th EUR-ch"]
[Site "Katowice POL"]
[Date "2026.04.16"]
[Round "9.42"]
[White "Isik, Alparslan"]
[Black "Samunenkov, Ihor"]
[Result "0-1"]
[WhiteElo "2435"]
[BlackElo "2596"]
[EventDate "2026.04.07"]
[PlyCount "182"]

1.d4 Nf6 2.c4 e6 3.Nc3 Bb4 4.Qc2 d5 5.a3 Bxc3+ 6.Qxc3 dxc4 7.Qxc4 b6 8.Bg5
Ba6 9.Qa4+ Qd7 10.Qxd7+ Nbxd7 11.Rc1 c5 12.Bxf6 gxf6 13.Nf3 Ke7 14.e3 Bb7 
15.dxc5 Rac8 16.Bb5 Nxc5 17.Ke2 Rhg8 18.Rhg1 f5 19.b4 Ne4 20.Bd3 a5 21.Nd4
axb4 22.axb4 Kf6 23.g3 Bd5 24.f3 Nd6 25.Nb5 Nxb5 26.Bxb5 Ra8 27.Ra1 h5 28.
Bd3 Ke5 29.b5 h4 30.Kf2 hxg3+ 31.hxg3 Rh8 32.Kg2 Rad8 33.Ra3 Rh6 34.Kf2 
Bb7 35.Rg2 Rh1 36.g4 Rh3 37.Be2 Rd2 38.e4 fxg4 39.Ke1 gxf3 40.Rg5+ Kf4 41.
Kxd2 Kxg5 42.Bf1 Rg3 43.Ra7 Bxe4 44.Rxf7 Bd5 45.Ke3 Rg4 46.Rg7+ Kh5 47.
Rh7+ Kg6 48.Rd7 Rb4 49.Rd6 Rb3+ 50.Kf2 Kg5 51.Kg3 Rb1 52.Bh3 Rxb5 53.Bxe6 
Bxe6 54.Rxe6 Rb3 55.Re8 Kf5 56.Re7 b5 57.Re8 b4 58.Re7 Kf6 59.Re8 Rc3 60.
Rb8 Rb3 61.Re8 Kg7 62.Re7+ Kf8 63.Re4 Kf7 64.Kf2 Kf6 65.Kg3 Kf5 66.Re8 Rc3
67.Rb8 b3 68.Re8 Rc4 69.Kxf3 Rb4 70.Re1 Rf4+ 71.Kg3 Re4 72.Rc1 Re3+ 73.Kf2
Ke4 74.Rc8 Rh3 75.Kg2 Rd3 76.Kf2 Rd2+ 77.Ke1 Rh2 78.Rb8 b2 79.Kd1 Kd3 80.
Rb3+ Kc4 81.Rb8 Kc3 82.Rc8+ Kb3 83.Rb8+ Ka2 84.Ra8+ Kb1 85.Ra4 Rh5 86.Ra8 
Rd5+ 87.Ke2 Kc2 88.Rc8+ Kb3 89.Rb8+ Kc3 90.Ke3 Re5+ 91.Kf2 Re4 0-1

[Event "26th EUR-ch"]
[Site "Katowice POL"]
[Date "2026.04.16"]
[Round "9.43"]
[White "Besou, Hussain"]
[Black "Lupulescu, Constantin"]
[Result "0-1"]
[WhiteElo "2427"]
[BlackElo "2587"]
[EventDate "2026.04.07"]
[PlyCount "92"]

1.e4 e5 2.Nf3 Nc6 3.Bc4 Nf6 4.d3 Be7 5.O-O O-O 6.Re1 d6 7.a4 a5 8.c3 Be6 
9.Bxe6 fxe6 10.Nbd2 Nd7 11.d4 exd4 12.Nxd4 Nc5 13.N2b3 Nxd4 14.cxd4 Nxb3 
15.Qxb3 Qc8 16.Be3 c6 17.d5 exd5 18.exd5 c5 19.Bd2 Qf5 20.f4 Bf6 21.h3 
Rac8 22.Rac1 b5 23.axb5 a4 24.Qxa4 Bxb2 25.Rb1 Bd4+ 26.Kh1 Qxd5 27.b6 Rb8 
28.Qd7 c4 29.Rb5 Bc5 30.Bc3 Qb7 31.Re7 Qxd7 32.Rxd7 Rf7 33.Rc7 Rb7 34.Rc8+
Rf8 35.Rxf8+ Kxf8 36.Bb4 Rxb6 37.Rxb6 Bxb6 38.Bxd6+ Kf7 39.f5 c3 40.Bf4 
Bc5 41.Bc1 Kf6 42.g4 Ke5 43.Kg2 Ke4 44.g5 Kxf5 45.Kf3 g6 46.h4 Bd6 0-1

[Event "26th EUR-ch"]
[Site "Katowice POL"]
[Date "2026.04.16"]
[Round "9.44"]
[White "Petrosian, Manuel"]
[Black "Manafov, Vugar"]
[Result "1/2-1/2"]
[WhiteElo "2584"]
[BlackElo "2432"]
[EventDate "2026.04.07"]
[PlyCount "48"]

1.Nf3 Nf6 2.c4 e6 3.Nc3 d5 4.d4 Be7 5.Bf4 O-O 6.Rc1 Nbd7 7.cxd5 exd5 8.e3 
c6 9.h3 Re8 10.Bd3 Nf8 11.O-O Ng6 12.Bh2 Bd6 13.Bxd6 Qxd6 14.Qc2 Qe7 15.
Rce1 Ne4 16.Bxe4 dxe4 17.Nd2 f5 18.f3 exf3 19.Nxf3 Be6 20.e4 fxe4 21.Rxe4 
Qd7 22.Rfe1 Bf7 23.Ng5 Rxe4 24.Rxe4 h6 1/2-1/2

[Event "26th EUR-ch"]
[Site "Katowice POL"]
[Date "2026.04.16"]
[Round "9.45"]
[White "Can, Emre"]
[Black "Davtian, Arsen"]
[Result "0-1"]
[WhiteElo "2546"]
[BlackElo "2430"]
[EventDate "2026.04.07"]
[PlyCount "146"]

1.e4 c5 2.Nf3 e6 3.d4 cxd4 4.Nxd4 Nf6 5.Nc3 Nc6 6.Bf4 d6 7.Nxc6 bxc6 8.Qd2
e5 9.Bg5 h6 10.Bh4 Be6 11.Be2 Rb8 12.b3 Rb7 13.Rd1 Rd7 14.Bg3 Be7 15.O-O 
O-O 16.h3 Re8 17.Rfe1 Qb8 18.Bf3 Nh7 19.Qd3 Rdd8 20.Bg4 Bxg4 21.hxg4 Nf8 
22.Na4 Ne6 23.Nb2 Qc8 24.Nc4 Qc7 25.Qc3 Rd7 26.Qa5 Qb7 27.Qc3 Qc7 28.f3 
Red8 29.Ne3 Bg5 30.Nf5 Bf6 31.Qc4 Qb7 32.Qf1 g6 33.Ne3 Kg7 34.Nc4 Qc7 35.
c3 Re8 36.Rd2 Red8 37.Qf2 Nf4 38.Bxf4 exf4 39.Rd3 d5 40.Nd2 Qa5 41.e5 Be7 
42.b4 Qa6 43.Rd4 c5 44.bxc5 Bxc5 45.Nb3 Bxd4 46.cxd4 Re7 47.Nc5 Qb6 48.Qd2
g5 49.Qd3 Qg6 50.Qa3 Qc2 51.Rc1 Qd2 52.Nb3 Qe3+ 53.Kh2 Re6 54.Qa5 Rh8 55.
Nc5 Rc6 56.Qc3 Qf2 57.Qc2 Qxd4 58.Qf5 Rf8 59.Nb3 Qb6 60.Rxc6 Qxc6 61.Nd4 
Qb6 62.Qd3 Re8 63.Nf5+ Kg8 64.Qc3 Qe6 65.Qc7 Qxe5 66.Qxa7 Qf6 67.a4 h5 68.
Qd7 Qe6 69.Qb5 hxg4 70.fxg4 f3 71.gxf3 Qe2+ 72.Qxe2 Rxe2+ 73.Kg3 Kf8 0-1

[Event "26th EUR-ch"]
[Site "Katowice POL"]
[Date "2026.04.16"]
[Round "9.46"]
[White "Laurent-Paoli, Pierre"]
[Black "Sowinski, Pawel"]
[Result "0-1"]
[WhiteElo "2542"]
[BlackElo "2421"]
[EventDate "2026.04.07"]
[PlyCount "114"]

1.d4 d5 2.c4 e6 3.Nc3 h6 4.Nf3 Nf6 5.a3 c6 6.c5 Nbd7 7.b4 Qc7 8.g3 e5 9.
dxe5 Nxe5 10.Bg2 Nxf3+ 11.Bxf3 Bh3 12.Qd4 Qc8 13.Bb2 Be7 14.e4 dxe4 15.
Nxe4 Qf5 16.Qd3 Nxe4 17.Bxe4 Qe6 18.O-O-O Rd8 19.Qc2 Rxd1+ 20.Rxd1 O-O 21.
Bc3 Rd8 22.Re1 Qd7 23.Rd1 Qe6 24.Re1 Qd7 25.Qe2 Bg4 26.f3 Bg5+ 27.Kb2 Bf5 
28.h4 Bf6 29.Bxf6 gxf6 30.Bxf5 Qxf5 31.Qe4 Qd7 32.Qg4+ Qxg4 33.fxg4 Kf8 
34.Kc3 Rd5 35.Re3 f5 36.Rd3 Rxd3+ 37.Kxd3 fxg4 38.Ke4 h5 39.Kf5 Ke7 40.a4 
a6 41.Kg5 Ke6 42.Kxh5 Kf5 43.Kh6 Ke4 44.h5 f5 45.Kg5 f4 46.h6 fxg3 47.h7 
g2 48.h8=Q g1=Q 49.Qh7+ Kd4 50.Qg7+ Kd3 51.Qxb7 g3 52.Qxa6+ Kc3 53.Qxc6 
Qf2 54.Qe4 g2 55.Qe5+ Kb3 56.Qd5+ Ka3 57.Qd4 Qxd4 0-1

[Event "26th EUR-ch"]
[Site "Katowice POL"]
[Date "2026.04.16"]
[Round "9.47"]
[White "Stefansson, Hannes Hlifar"]
[Black "Maksimovic, Bojan"]
[Result "1/2-1/2"]
[WhiteElo "2414"]
[BlackElo "2531"]
[EventDate "2026.04.07"]
[PlyCount "77"]

1.e4 e6 2.d4 d5 3.Nc3 Bb4 4.e5 c5 5.a3 Bxc3+ 6.bxc3 Nc6 7.Qg4 g6 8.Qf4 Qa5
9.Bd2 Bd7 10.Nf3 c4 11.h4 h6 12.Be2 Rh7 13.Nh2 O-O-O 14.Ng4 Rf8 15.Nf6 
Nxf6 16.Qxf6 Qd8 17.Qxd8+ Kxd8 18.g4 Ne7 19.O-O-O f5 20.exf6 Rxf6 21.Rdf1 
h5 22.Bg5 Rf8 23.f3 Ke8 24.Rhg1 Ng8 25.gxh5 Rxh5 26.Rh1 Nf6 27.Rfg1 Kf7 
28.Bf1 Nh7 29.Be3 Rf5 30.Be2 Rh8 31.Kd2 Nf6 32.Rg5 Rxg5 33.Bxg5 Nh5 34.Rb1
Bc6 35.Bf1 Nf6 36.Bh3 Nh7 37.Bf4 Nf6 38.Bg5 Nh7 39.Bf4 1/2-1/2

[Event "26th EUR-ch"]
[Site "Katowice POL"]
[Date "2026.04.16"]
[Round "9.48"]
[White "Alexakis, Dimitris"]
[Black "Tadic, Stefan"]
[Result "1/2-1/2"]
[WhiteElo "2528"]
[BlackElo "2421"]
[EventDate "2026.04.07"]
[PlyCount "110"]

1.e4 e5 2.Nf3 Nc6 3.Bb5 a6 4.Ba4 Nf6 5.O-O Nxe4 6.d4 b5 7.Bb3 d5 8.dxe5 
Be6 9.c3 Bc5 10.Bc2 O-O 11.Nbd2 Nxf2 12.Rxf2 Bxf2+ 13.Kxf2 f6 14.Kg1 fxe5 
15.Nf1 Bg4 16.Ne3 Be6 17.b3 d4 18.cxd4 Nxd4 19.Be4 Rc8 20.Nc2 Bf5 21.Bxf5 
Rxf5 22.Ncxd4 exd4 23.Qxd4 Qxd4+ 24.Nxd4 Rd5 25.Bb2 Rcd8 26.Nf3 Rd1+ 27.
Rxd1 Rxd1+ 28.Kf2 c5 29.Ke2 Rd5 30.h4 Kf7 31.Ng5+ Kg6 32.g4 c4 33.bxc4 
bxc4 34.Nf3 h5 35.Ne5+ Kh7 36.g5 Ra5 37.g6+ Kg8 38.Nxc4 Rxa2 39.Kd3 Kf8 
40.Kd4 a5 41.Ba3+ Kg8 42.Bb2 Kf8 43.Kc5 a4 44.Kb4 Rxb2+ 45.Nxb2 Ke7 46.Nd3
Kf6 47.Nf4 Kf5 48.Nxh5 Kxg6 49.Ng3 Kf6 50.Nh5+ Kg6 51.Ng3 Kf6 52.Kxa4 Ke5 
53.Nh5 g5 54.hxg5 Kf5 55.Nf4 Kxg5 1/2-1/2

[Event "26th EUR-ch"]
[Site "Katowice POL"]
[Date "2026.04.16"]
[Round "9.49"]
[White "Mastrovasilis, Dimitrios"]
[Black "Risteski, Emil"]
[Result "1-0"]
[WhiteElo "2526"]
[BlackElo "2416"]
[EventDate "2026.04.07"]
[PlyCount "149"]

1.Nf3 d5 2.g3 Nf6 3.Bg2 e6 4.O-O Bd6 5.c4 O-O 6.b3 e5 7.Bb2 Re8 8.cxd5 
Nxd5 9.d3 c5 10.Nbd2 Nc6 11.Rc1 Bf8 12.a3 Qd7 13.e3 b6 14.Nc4 f6 15.d4 
cxd4 16.exd4 e4 17.Nfd2 f5 18.Ne5 Nxe5 19.dxe5 Ba6 20.Nc4 Qe6 21.Qe2 Rad8 
22.Rfd1 b5 23.Nd6 Bxd6 24.exd6 Rxd6 25.b4 Red8 26.Bh3 Qf7 27.Bf1 Qg6 28.
Be5 R6d7 29.Qa2 Qe6 30.Ba1 f4 31.Re1 e3 32.fxe3 fxe3 33.Bd4 Kh8 34.Bxe3 
Qg6 35.Qc2 Qf7 36.Qf2 Nf6 37.Bg2 Bb7 38.Bxb7 Rxb7 39.Bg5 h6 40.Bxf6 Qxf6 
41.Qxf6 gxf6 42.Red1 Rxd1+ 43.Rxd1 Kg7 44.Rd5 Kg6 45.Kf2 Rb6 46.Ke3 Ra6 
47.Rxb5 Rxa3+ 48.Kd4 Ra2 49.Ra5 Rxh2 50.Rxa7 h5 51.b5 h4 52.gxh4 Rxh4+ 53.
Kc5 Rh8 54.b6 Kf5 55.b7 Rb8 56.Kd6 Ke4 57.Ra4+ Kd3 58.Kc7 Rf8 59.Rf4 Rf7+ 
60.Kb6 Rf8 61.Ka7 Ke3 62.Rxf6 Rxf6 63.b8=Q Rf4 64.Qb3+ Ke4 65.Kb6 Rf5 66.
Kc6 Rf6+ 67.Kc5 Rf5+ 68.Kc4 Rf6 69.Qd3+ Ke5 70.Qe3+ Kd6 71.Kd4 Rf5 72.Qg3+
Ke6 73.Qg6+ Rf6 74.Qe8+ Kd6 75.Qe5+ 1-0

[Event "26th EUR-ch"]
[Site "Katowice POL"]
[Date "2026.04.16"]
[Round "9.50"]
[White "Valiyev, Shahin"]
[Black "Petriashvili, Nikoloz"]
[Result "1/2-1/2"]
[WhiteElo "2408"]
[BlackElo "2518"]
[EventDate "2026.04.07"]
[PlyCount "89"]

1.e4 d5 2.exd5 Qxd5 3.Nc3 Qd6 4.d4 Nf6 5.Nf3 c6 6.g3 Bg4 7.Be2 e6 8.a3 Be7
9.h3 Bh5 10.O-O O-O 11.Bg5 Rd8 12.Ne5 Bxe2 13.Qxe2 h6 14.Bxf6 Bxf6 15.Ne4 
Qe7 16.Rad1 Nd7 17.Ng4 h5 18.Ngxf6+ Nxf6 19.Nxf6+ Qxf6 20.Qxh5 Rxd4 21.c3 
Rd5 22.Rxd5 cxd5 23.Rd1 Rc8 24.Rd4 Qh6 25.Qxh6 gxh6 26.f4 Rc5 27.Kf2 Kg7 
28.Ke3 h5 29.g4 hxg4 30.hxg4 Kf6 31.Kf3 Rc8 32.Ra4 a6 33.Rb4 b5 34.Rd4 Rc4
35.Rd1 a5 36.Rd4 e5 37.Rxd5 Rxf4+ 38.Kg3 b4 39.Rxa5 bxc3 40.bxc3 Rc4 41.
Kh4 Rxc3 42.Ra6+ Ke7 43.a4 e4 44.a5 Rf3 45.Rb6 1/2-1/2

[Event "26th EUR-ch"]
[Site "Katowice POL"]
[Date "2026.04.16"]
[Round "9.51"]
[White "Petkov, Momchil"]
[Black "Govciyan, Pavel"]
[Result "1/2-1/2"]
[WhiteElo "2517"]
[BlackElo "2420"]
[EventDate "2026.04.07"]
[PlyCount "115"]

1.e4 d6 2.d4 Nf6 3.Bd3 e5 4.Nf3 exd4 5.Nxd4 g6 6.O-O Bg7 7.Bg5 h6 8.Bh4 
O-O 9.c3 Re8 10.Nd2 Nbd7 11.f4 c6 12.Bc2 Nc5 13.Qf3 Ne6 14.Kh1 Nxd4 15.
cxd4 Qa5 16.Nc4 Qb4 17.b3 d5 18.e5 dxc4 19.exf6 cxb3 20.axb3 Bf8 21.Rad1 
Qb5 22.d5 cxd5 23.f5 Bxf5 24.Bxf5 gxf5 25.Qxf5 Qb4 26.Bg3 d4 27.h3 Qxb3 
28.Rxd4 Rad8 29.Rf3 Qb6 30.Rd7 Rxd7 31.Qg4+ Kh8 32.Qxd7 Rd8 33.Qa4 Qd4 34.
Qxd4 Rxd4 35.Rc3 Bd6 36.Bxd6 Rxd6 37.Rc7 Rxf6 38.Rxb7 a6 39.g4 Kg7 40.Kg2 
Rf4 41.Kg3 Re4 42.Ra7 Ra4 43.Ra8 Ra3+ 44.Kf4 Kg6 45.Ra7 Ra1 46.Kg3 Ra2 47.
Kf4 h5 48.Ra8 Ra4+ 49.Kg3 Ra3+ 50.Kf4 h4 51.Rg8+ Kh7 52.Ra8 Kg7 53.Kg5 
Rxh3 54.Rxa6 Rh1 55.Rb6 h3 56.Kh4 h2 57.Rb2 Kg6 58.Rg2 1/2-1/2

[Event "26th EUR-ch"]
[Site "Katowice POL"]
[Date "2026.04.16"]
[Round "9.52"]
[White "Royal, Shreyas"]
[Black "Vardanyan, Aras"]
[Result "0-1"]
[WhiteElo "2515"]
[BlackElo "2408"]
[EventDate "2026.04.07"]
[PlyCount "56"]

1.d4 Nf6 2.c4 e6 3.Nc3 Bb4 4.f3 c5 5.d5 O-O 6.e4 Re8 7.Ne2 d6 8.a4 exd5 9.
cxd5 Nbd7 10.Ng3 h5 11.Be2 h4 12.Nf5 Ne5 13.O-O Bxf5 14.exf5 c4 15.Bg5 h3 
16.g3 Rc8 17.Kh1 Bxc3 18.bxc3 Ned7 19.Rb1 Qe7 20.Rf2 Qe5 21.g4 Nxd5 22.Qd2
Nxc3 23.Re1 Nf6 24.Bh4 Nxe2 25.Rfxe2 c3 26.Qd3 Qxe2 27.Rxe2 Rxe2 28.Qxe2 
c2 0-1

[Event "26th EUR-ch"]
[Site "Katowice POL"]
[Date "2026.04.16"]
[Round "9.53"]
[White "Stocek, Jiri"]
[Black "Reuker, Jari"]
[Result "0-1"]
[WhiteElo "2512"]
[BlackElo "2413"]
[EventDate "2026.04.07"]
[PlyCount "118"]

1.d4 Nf6 2.c4 g6 3.Nc3 Bg7 4.Nf3 O-O 5.Bg5 d6 6.e4 h6 7.Be3 e5 8.h3 exd4 
9.Nxd4 Re8 10.Bd3 Nbd7 11.O-O a6 12.Re1 Ne5 13.Be2 c5 14.Nf3 Nc6 15.Qc2 
Qe7 16.Rad1 Nxe4 17.Nxe4 Bf5 18.Qd2 Bxe4 19.Bxh6 Qf6 20.Bxg7 Kxg7 21.Nh2 
Nd4 22.Ng4 Qh4 23.Qc3 f5 24.Rxd4 cxd4 25.Qxd4+ Kf7 26.Bf3 Qh8 27.Qxh8 Rxh8
28.Bxe4 fxe4 29.Rxe4 Rhe8 30.Rf4+ Kg7 31.Ne3 b5 32.g4 Re6 33.Kg2 Rf8 34.
Rd4 Ref6 35.Rd2 bxc4 36.Nxc4 d5 37.Ne5 Rd8 38.Rd4 a5 39.h4 Rb6 40.Nd3 Rc6 
41.Nf4 Kf7 42.Kf3 Rc4 43.Rd2 Rd6 44.g5 a4 45.Kg3 a3 46.bxa3 Rc3+ 47.Kg4 d4
48.Nd3 Ke6 49.a4 Kd5 50.Nf4+ Kc4 51.h5 gxh5+ 52.Kxh5 Rc1 53.g6 Rg1 54.f3 
Kc3 55.Rd3+ Kc2 56.a5 Rgxg6 57.a6 Rg8 58.a7 Rd7 59.Kh6 Ra8 0-1

[Event "26th EUR-ch"]
[Site "Katowice POL"]
[Date "2026.04.16"]
[Round "9.54"]
[White "Travadon, Loic"]
[Black "Turski, Bartlomiej"]
[Result "1/2-1/2"]
[WhiteElo "2505"]
[BlackElo "2404"]
[EventDate "2026.04.07"]
[PlyCount "94"]

1.e4 c5 2.d4 cxd4 3.Qxd4 Nc6 4.Qd3 g6 5.Nc3 Bg7 6.Nf3 d6 7.Be2 Bg4 8.O-O 
Nf6 9.Nd5 Nd7 10.c3 O-O 11.Bg5 Nc5 12.Qc2 Ne6 13.Bh4 Rc8 14.Rad1 Re8 15.
Qd2 Nc7 16.Ne3 Be6 17.b3 a5 18.Ng5 h6 19.Nxe6 Nxe6 20.Nd5 Nc5 21.f3 Kh7 
22.Kh1 Nd7 23.Bb5 Rb8 24.Bf2 Rf8 25.Rc1 Re8 26.Rfd1 Ra8 27.Bh4 Rc8 28.a4 
Nc5 29.Qc2 Ne6 30.Qe2 Nc5 31.Qa2 g5 32.Bf2 e6 33.Ne3 Qc7 34.Nc4 Red8 35.b4
axb4 36.cxb4 Nd3 37.Rxd3 Nxb4 38.Qb1 Nxd3 39.Qxd3 d5 40.exd5+ Kg8 41.Qf1 
Rxd5 42.Be3 Qd8 43.g4 Bd4 44.Bd2 Ba7 45.Ba5 Qf6 46.Kg2 Qf4 47.Rc2 Bb8 
1/2-1/2

[Event "26th EUR-ch"]
[Site "Katowice POL"]
[Date "2026.04.16"]
[Round "9.55"]
[White "Velten, Paul"]
[Black "Medhus, Vitus Bondo"]
[Result "1/2-1/2"]
[WhiteElo "2500"]
[BlackElo "2401"]
[EventDate "2026.04.07"]
[PlyCount "55"]

1.d4 d5 2.c4 e6 3.Nf3 Nf6 4.Nc3 h6 5.g3 Be7 6.Bg2 O-O 7.O-O dxc4 8.Ne5 c5 
9.dxc5 Bxc5 10.Nxc4 Nc6 11.Bf4 Qe7 12.Bd6 Bxd6 13.Qxd6 Qxd6 14.Nxd6 Rd8 
15.Rfd1 Kf8 16.Nde4 Nxe4 17.Nxe4 Ke7 18.Nc5 Rxd1+ 19.Rxd1 Nd8 20.f4 Rb8 
21.Kf2 b6 22.Nd3 Bb7 23.Bxb7 Rxb7 24.Rc1 Kd6 25.Rc8 Nc6 26.Rg8 g6 27.g4 e5
28.fxe5+ 1/2-1/2

[Event "26th EUR-ch"]
[Site "Katowice POL"]
[Date "2026.04.16"]
[Round "9.56"]
[White "Zanan, Evgeny"]
[Black "Salimova, Nurgyul"]
[Result "1-0"]
[WhiteElo "2497"]
[BlackElo "2399"]
[EventDate "2026.04.07"]
[PlyCount "77"]

1.e4 e5 2.Nf3 Nf6 3.Nxe5 d6 4.Nf3 Nxe4 5.d4 d5 6.Bd3 Be7 7.O-O Bf5 8.Re1 
O-O 9.Nbd2 Nd6 10.Nf1 c6 11.Ng3 Bxd3 12.Qxd3 Na6 13.b3 Nb4 14.Qd1 a5 15.c3
Na6 16.Ne5 Nc7 17.a4 f5 18.Nh5 g6 19.Nf4 Bf6 20.Ba3 Re8 21.f3 Nf7 22.Nxf7 
Kxf7 23.Nd3 b6 24.Rxe8 Qxe8 25.Bd6 Ne6 26.Be5 Be7 27.Qe2 c5 28.Re1 Bf8 29.
g4 f4 30.Qf1 g5 31.h4 c4 32.bxc4 dxc4 33.Nf2 gxh4 34.Qxc4 Qc8 35.Qb3 b5 
36.Qxb5 Ng5 37.Qd5+ Kg6 38.Qg8+ Kh6 39.Bxf4 1-0

[Event "26th EUR-ch"]
[Site "Katowice POL"]
[Date "2026.04.16"]
[Round "9.57"]
[White "Fus, Jakub"]
[Black "Patrelakis, Evaggelos"]
[Result "1/2-1/2"]
[WhiteElo "2410"]
[BlackElo "2490"]
[EventDate "2026.04.07"]
[PlyCount "97"]

1.e4 c5 2.Nf3 Nc6 3.Bb5 g6 4.O-O Bg7 5.Re1 e5 6.Bxc6 dxc6 7.d3 Qc7 8.a3 
Ne7 9.Be3 b6 10.b4 cxb4 11.axb4 h6 12.Nbd2 O-O 13.Nc4 Be6 14.Qd2 Kh7 15.
Ra3 f5 16.Qc3 Rae8 17.Bc1 Nc8 18.Bb2 fxe4 19.dxe4 Bxc4 20.Qxc4 Nd6 21.Qa2 
Rf7 22.Rd3 Ree7 23.c4 b5 24.cxb5 cxb5 25.Rd5 Qc4 26.Qxc4 Nxc4 27.Bc3 a6 
28.h4 Re6 29.Red1 Rc7 30.Rd7 Rxd7 31.Rxd7 Kg8 32.Ne1 Bf8 33.Nd3 Rd6 34.
Rxd6 Bxd6 35.Kf1 Kf7 36.Ke2 Ke6 37.g3 Be7 38.h5 g5 39.Kf3 Bd6 40.Kg4 Nb6 
41.f4 gxf4 42.gxf4 exf4 43.Nxf4+ Bxf4 44.Kxf4 Nc4 45.e5 Nb6 46.Ke4 Nc4 47.
Kf4 Nb6 48.Ke4 Nc4 49.Kf4 1/2-1/2

[Event "26th EUR-ch"]
[Site "Katowice POL"]
[Date "2026.04.16"]
[Round "9.58"]
[White "Gharibian, Mamikon"]
[Black "Sukiasian, Vahe A."]
[Result "1/2-1/2"]
[WhiteElo "2487"]
[BlackElo "2395"]
[EventDate "2026.04.07"]
[PlyCount "50"]

1.c4 e6 2.Nc3 d5 3.d4 Nf6 4.cxd5 exd5 5.Bg5 Be7 6.e3 O-O 7.Bd3 Re8 8.Nf3 
c6 9.Qc2 Nbd7 10.Bf4 Nf8 11.h3 Bd6 12.Bxd6 Qxd6 13.O-O Ng6 14.Rab1 a5 15.
Rbe1 Bd7 16.Ng5 Rab8 17.Kh1 Re7 18.a3 Rbe8 19.b4 axb4 20.axb4 b5 21.Rb1 
Nh5 22.Qd1 Nf6 23.Qc2 Nh5 24.Nf3 Nf6 25.Ng5 Nh5 1/2-1/2

[Event "26th EUR-ch"]
[Site "Katowice POL"]
[Date "2026.04.16"]
[Round "9.59"]
[White "Piesik, Piotr"]
[Black "Ioannidis, Evgenios"]
[Result "1/2-1/2"]
[WhiteElo "2407"]
[BlackElo "2487"]
[EventDate "2026.04.07"]
[PlyCount "68"]

1.Nf3 d5 2.d4 Nf6 3.c4 e6 4.Nc3 c6 5.e3 Nbd7 6.Bd3 dxc4 7.Bxc4 b5 8.Bd3 
Bb7 9.e4 b4 10.Na4 h6 11.O-O c5 12.e5 Nd5 13.Re1 a6 14.Bd2 Be7 15.Rc1 cxd4
16.Nxd4 Bg5 17.Nc6 Bxc6 18.Rxc6 O-O 19.Bc4 Bxd2 20.Qxd2 Qa5 21.Bxd5 exd5 
22.b3 Rae8 23.f4 Re6 24.Rec1 Qb5 25.Rc7 Rd8 26.Qd4 f6 27.Rd1 Nf8 28.Nc5 
fxe5 29.fxe5 Qe2 30.Rf1 Rxe5 31.Rf2 Qe1+ 32.Rf1 Qe2 33.Rf2 Qe1+ 34.Rf1 Qe2
1/2-1/2

[Event "26th EUR-ch"]
[Site "Katowice POL"]
[Date "2026.04.16"]
[Round "9.60"]
[White "Licznerski, Lukasz"]
[Black "Bettalli, Francesco"]
[Result "1-0"]
[WhiteElo "2486"]
[BlackElo "2358"]
[EventDate "2026.04.07"]
[PlyCount "71"]

1.e4 c5 2.Nf3 Nc6 3.Bb5 d6 4.O-O Bd7 5.Re1 a6 6.Bf1 e5 7.c3 Be7 8.h3 g5 9.
d4 h5 10.dxe5 dxe5 11.Bc4 Rh7 12.Bd5 Bf6 13.Bxc6 bxc6 14.Qd6 Be7 15.Qxe5 
f6 16.Qh2 Be6 17.Na3 Rg7 18.e5 f5 19.h4 gxh4 20.Bf4 Qd5 21.Kh1 Rg4 22.b3 
O-O-O 23.Nc4 Qd3 24.Nd6+ Kb8 25.Rac1 h3 26.Re3 hxg2+ 27.Kg1 Qe4 28.Nxe4 
fxe4 29.Rxe4 Bd5 30.e6+ Ka8 31.Re3 Rf8 32.c4 Bxf3 33.Rxf3 Bd6 34.Bxd6 Rxf3
35.Qxh5 Nf6 36.e7 1-0

[Event "26th EUR-ch"]
[Site "Katowice POL"]
[Date "2026.04.16"]
[Round "9.61"]
[White "Ahmad, Khagan"]
[Black "Suleymanli, Suleyman"]
[Result "1-0"]
[WhiteElo "2483"]
[BlackElo "2348"]
[EventDate "2026.04.07"]
[PlyCount "45"]

1.e4 e6 2.d4 d5 3.Nc3 Nf6 4.e5 Nfd7 5.f4 c5 6.dxc5 Nc6 7.Bd2 Nxc5 8.Nf3 d4
9.Ne2 Ne4 10.a3 Qb6 11.Ng3 Nxd2 12.Nxd2 g5 13.Nc4 Qc7 14.Ne4 gxf4 15.Qh5 
Bg7 16.Ned6+ Kf8 17.Bd3 b5 18.Nxb5 Qd7 19.O-O Ne7 20.Rxf4 Ng6 21.Raf1 Qxb5
22.Rxf7+ Kg8 23.Bxg6 1-0

[Event "26th EUR-ch"]
[Site "Katowice POL"]
[Date "2026.04.16"]
[Round "9.62"]
[White "Maltsevskaya, Aleksandra"]
[Black "Talibov, Shiroghlan"]
[Result "1/2-1/2"]
[WhiteElo "2393"]
[BlackElo "2482"]
[EventDate "2026.04.07"]
[PlyCount "108"]

1.e4 c5 2.b3 d6 3.Bb2 Nf6 4.Bb5+ Bd7 5.Bxd7+ Nbxd7 6.Qe2 e5 7.Nc3 g6 8.f4 
exf4 9.Nh3 Bh6 10.O-O g5 11.Nb5 Qb6 12.Bxf6 Nxf6 13.e5 c4+ 14.Nf2 dxe5 15.
Qxe5+ Kf8 16.Nd6 Bg7 17.Nxc4 Qc6 18.Qxg5 Nd5 19.Rae1 Rg8 20.Na5 Qb5 21.c4 
Qxa5 22.cxd5 Bd4 23.Qxf4 Qxd5 24.Qe4 Qxe4 25.Rxe4 Rd8 26.g3 Rg6 27.Kg2 Ra6
28.a4 Rb6 29.Rf4 Rxb3 30.Ne4 Rd7 31.Ng5 Kg8 32.Rxf7 Rxf7 33.Rxf7 Rb2 34.
Rxh7 Bf6 35.Rh5 Rxd2+ 36.Kf3 Rd3+ 37.Kf4 Rd4+ 38.Ne4 Rxa4 39.Rd5 Rb4 40.
Kf5 Be7 41.g4 Rb2 42.g5 Rxh2 43.Rd7 Bxg5 44.Kxg5 Kf8 45.Kg6 Re2 46.Nd6 Rf2
47.Rh7 a5 48.Ne4 Rf1 49.Rxb7 Ke8 50.Rb5 Kd7 51.Rxa5 Kc6 52.Ng3 Rf2 53.Nf5 
Rf1 54.Kf6 Re1 1/2-1/2

[Event "26th EUR-ch"]
[Site "Katowice POL"]
[Date "2026.04.16"]
[Round "9.63"]
[White "Ilinca, Felix-Antonio"]
[Black "Atoyan, Alberto"]
[Result "1/2-1/2"]
[WhiteElo "2481"]
[BlackElo "2342"]
[EventDate "2026.04.07"]
[PlyCount "117"]

1.d4 Nf6 2.c4 e6 3.Nf3 d5 4.Nc3 dxc4 5.e4 Bb4 6.Bxc4 Nxe4 7.O-O Nf6 8.Qa4+
Nc6 9.Ne5 Bd6 10.Nxc6 bxc6 11.Qxc6+ Bd7 12.Qf3 h6 13.Nb5 O-O 14.Nxd6 cxd6 
15.b3 Rb8 16.a4 Bc8 17.Ba3 Qe7 18.Rfe1 Bb7 19.d5 e5 20.Rad1 Nd7 21.Qe3 Nb6
22.a5 Nxc4 23.bxc4 Rfc8 24.Rc1 Qd7 25.Qxa7 Ra8 26.Qb6 Ra6 27.Qb4 Qc7 28.
Red1 Ba8 29.h3 Qa7 30.Qd2 Rxa5 31.Bxd6 Ra4 32.Qd3 Ra2 33.c5 Rd8 34.Qe4 f6 
35.Rc3 Ra1 36.Rd3 Ra4 37.Qe3 Qf7 38.Kh2 Qg6 39.Ra3 Qc2 40.Rxa4 Qxd1 41.Rg4
Bxd5 42.Be7 h5 43.Rg3 h4 44.Rg4 Rb8 45.Bxf6 Rb1 46.Rxg7+ Kf8 47.Rg8+ Bxg8 
48.Qh6+ Ke8 49.Bxh4 Qg1+ 50.Kg3 Rb3+ 51.f3 Qxc5 52.Qg5 Kf7 53.Qf6+ Ke8 54.
Qd8+ Kf7 55.Qd7+ Kg6 56.Qg4+ Kf7 57.Qd7+ Kg6 58.Qd8 Kh7 59.Qd7+ 1/2-1/2